00636nam a2200241 a 4500001001300000003000900013005001700022008004100039020000800080082001800088100001300106245001700119260003000136300000900166500003500175505001000210650001600220700001300236902000800249942000700257952011500264999001500379nice12345678IN_TiNIC20260116012958.0050524s1974 puna grp 000 0 urd  ac500a891.4391bNAR aNaresh,  aGham-E-Farda aPunjabbNavjote Pubc1974 a111p aincludes index and biblioraphy2 aIndex aUrdu-Poetry1 aNaresh,  bSRS cBK 001040708StackRoom-aHMIbHMId2007-06-25g5.00l0o891.4391 NARp011433r2007-06-25v5.00w2005-05-24yBK c9140d9140